Democratic political process / (Record no. 26523)

MARC details
000 -LEADER
fixed length control field 00842nam a2200241 a 4500
005 - DATE AND TIME OF LATEST TRANSACTION
control field 20090518134945.0
008 - FIXED-LENGTH DATA ELEMENTS--GENERAL INFORMATION
fixed length control field 931110s1994 fluaf b 001 0 eng
010 ## - LCCN (DPL NO)
LC control number ENG-93573
020 ## - INTERNATIONAL STANDARD BOOK NUMBER
International Standard Book Number 8183242375
Terms of availability 795.00
020 ## - INTERNATIONAL STANDARD BOOK NUMBER
International Standard Book Number 9788183242370
Terms of availability 795.00
035 ## - SYSTEM CONTROL NUMBER
System control number EN-77106
037 ## - SOURCE OF ACQUISITION
Source of stock number/acquisition DBAD / PUB
040 ## - CATALOGING SOURCE
Original cataloging agency dpl
Language of cataloging English
082 ## - DEWEY DECIMAL CLASSIFICATION NUMBER
Classification number 321.8
100 ## - MAIN ENTRY--PERSONAL NAME
Personal name Biju, M.R.
245 ## - TITLE STATEMENT
Title Democratic political process /
Statement of responsibility, etc by M.R. Biju
260 ## - PUBLICATION, DISTRIBUTION, ETC. (IMPRINT)
Place of publication, distribution, etc New Delhi
Name of publisher, distributor, etc Mittal Pubications
Date of publication, distribution, etc 2009
270 ## - ADDRESS
Address 4594/9, Daryaganj
City New Delhi
Postal code 110002
300 ## - PHYSICAL DESCRIPTION
Extent xxvi, 265p.
Dimensions 22cm(Hb)
500 ## - GENERAL NOTE
General note Includes index
942 ## - ADDED ENTRY ELEMENTS (KOHA)
Source of classification or shelving scheme Dewey Decimal Classification
Item type English Books
Call number suffix BIJ
Classification part 321.8
Holdings
Withdrawn status Lost status Source of classification or shelving scheme Damaged status Not for loan Collection code Home library Current library Date acquired Source of acquisition Cost, normal purchase price Total Checkouts Full call number Barcode Date last seen Copy number Cost, replacement price Koha item type
    Dewey Decimal Classification   Not For Loan Non-fiction D.B.Act.Division D.B.Act.Division 18/05/2009 DBAD / PUB 795.00   321.8 BIJ EN-77106 18/05/2009 1 795.00 English Books

© Delhi Public Library
Hit Counter
free hit counter